01477 a2200265 45000010006000000050017000060080041000230030015000640400040000790800145001192450039002640200022003032640047003253000021003725050561003930410008009549420007009625900036009691000018010057000016010237000026010397000019010659990017010849520110011016392820260521160826.0260521a1995 arg spa dAR-UNSa-BCEJYS aAR-UNSa-BCEJYSbspacAR-UNSa-BCEJYS a658.012.4xGestión. Dirección. Autoridad. Técnicas y métodos de gestión (gestión del conocimiento, Outsourcing, Benchmarking...)10aCambio de paradigmas empresariales a978-958-600-312-4 1aSantafé de Bogotá :bMcGraw-Hillc1995 axvii, 365 p.c21 a1. Introducción – 2. El equipo de negocios de alto desempeño – 3. La organización integrada – 4. La empresa ampliada – 5. La computación en red llega a su mayoría de edad – 6. Sistemas abiertos para un mundo abierto – 7. La revolución industrial en el software – 8. El logro de una nueva visión compartida – 9. Aplicación de procesos de reingeniería a los negocios – 10. Reprocesamiento de la tecnología de la información – 11. Realineación de la función de los SI – 12. Liderazgo para la transición –  aspa cBK aniveau_biblio:m niveau_hierar:01 aTapscott, Don1 aCaston, Art1 aBernal Osorio, Magaly1 aCano, Leonardo c36413d36413 00104070aBCEJYSbBCEJYSc16d2026-05-21l0o658.012.4 T172pL85034r2026-05-21 16:08:26w2026-05-21yL